00381nam a2200157Ia 45000010006000000050017000060080041000230410008000640820015000721000030000872450054001172600009001713000027001806500008002076540008002151040420260306161830.0260306t2004||||xx |||||||||||||| ||spa|| aESP a923.2bD88 aGrupo La RepúblicaeAUT 0aEl Che Guevara:bpersonajes que hicieron historia c2004 a45 páginas :c13 cm. aGEN aCHU